MARC

Tag First Indicator Second Indicator Subfields
LEADER 00000cas a2200000 a 4500
001 in00001784101
005 20220106084322.0
006 m o d f
007 cr mn|||||||||
008 020513c19uu9999dcudn pso f0 0eng c
010 |a  2003231691 
019 |a 44282338  |a 760209239 
035 |a (OCoLC)ocm49776843 
042 |a pcc 
043 |a n-us--- 
040 |a BKL  |b eng  |c BKL  |d GPO  |d OCLCQ  |d GPO  |d MvI 
049 |a WWW 
074 |a 0923-A-02 (online) 
086 0 |a T 63.113/2-2: 
130 0 |a Daily Treasury statement (Online) 
245 1 0 |a Daily Treasury statement. 
246 1 3 |a Daily Treasury reports 
260 |a [Washington, D.C.] :  |b U.S. Dept. of the Treasury, Financial Management Service 
300 |a 1 online resource 
310 |a Daily (except Saturdays, Sundays, and holidays) 
336 |a text  |b txt  |2 rdacontent 
337 |a computer  |b c  |2 rdamedia 
338 |a online resource  |b cr  |2 rdacarrier 
588 |a Description based on: Jan. 7, 1998; title from title screen (viewed May 11, 2002). 
588 |a Latest issue consulted: Aug. 16, 2013. 
610 1 0 |a United States.  |b Department of the Treasury  |v Periodicals. 
650 0 |a Finance, Public  |z United States  |v Periodicals. 
651 0 |a United States  |x Appropriations and expenditures  |v Periodicals. 
650 0 |a Cash management  |z United States  |v Periodicals. 
650 0 |a Debts, Public  |z United States  |x Accounting  |v Periodicals. 
710 1 |a United States.  |b Department of the Treasury. 
710 1 |a United States.  |b Department of the Treasury.  |b Financial Management Service. 
776 0 8 |i Print version:  |t Daily Treasury statement  |x 0145-0239  |w (DLC) 00207430  |w (OCoLC)2611865 
776 0 8 |i Microfiche version:  |t Daily Treasury statement  |w (OCoLC)27638219 
780 0 0 |t Daily statement of the United States Treasury 
856 4 0 |3 Current issues  |u https://purl.fdlp.gov/GPO/LPS57705  |t 0 
856 4 0 |3 Archived issues  |u https://purl.fdlp.gov/GPO/LPS57707  |t 0 
856 4 0 |3 Current issues  |u https://purl.fdlp.gov/GPO/LPS57705  |t 0 
856 4 0 |3 Archived issues  |u https://purl.fdlp.gov/GPO/LPS57707  |t 0 
856 4 0 |3 FMS  |u https://purl.fdlp.gov/GPO/LPS57705  |t 0 
856 4 0 |3 GPO Permanent  |u https://purl.fdlp.gov/GPO/LPS57707  |t 0 
999 f f |s ba1f7fb6-6da3-3a7f-b700-9e06d46e0988  |i 41d5efa2-c150-3b8a-8e5d-f2d8e8b44fca  |t 0 
952 f f |a Texas A&M University  |b College Station  |c Electronic Resources  |d Available Online  |t 0  |e T 63.113/2-2:  |h Superintendent of Documents classification 
998 f f |a T 63.113/2-2:  |t 0  |l Available Online